Retina.
Saved in:
| 其他作者: | , |
|---|---|
| 格式: | 未知 |
| 出版: |
Philadelphia, USA:
Wolters Kluwer Health,
2018.
|
| 版: | Third edition. |
| 叢編: | Color atlas & synopsis of clinical opthalmology - Wills Eye Institute
|
| 主題: | |
| 標簽: |
添加標簽
沒有標簽, 成為第一個標記此記錄!
|
MARC
| LEADER | 00000 a2200000 4500 | ||
|---|---|---|---|
| 003 | CL-VaPUC | ||
| 005 | 20231108102043.0 | ||
| 008 | 231026t2019 ||||| |||| 00| 0 eng d | ||
| 999 | |c 442076 |d 442074 | ||
| 020 | |a 9781496363084 | ||
| 040 | |c Pontificia Universidad Católica de Valparaíso | ||
| 082 | |a 617.735 FIN 2018 | ||
| 100 | |a Fineman, Mitchell S. |e editor |9 885373 | ||
| 245 | |a Retina. | ||
| 250 | |a Third edition. | ||
| 260 | |a Philadelphia, USA: |b Wolters Kluwer Health, |c 2018. | ||
| 300 | |a xxi, 434 páginas ; |b ilustraciones. | ||
| 490 | |a Color atlas & synopsis of clinical opthalmology - Wills Eye Institute | ||
| 583 | |k GC |c 20231026 | ||
| 650 | |a Retina |x Enfermedades |9 885374 | ||
| 700 | |a Ho, Allen C. |e editor |9 885375 | ||
| 942 | |2 ddc |c BK | ||
| 952 | |0 0 |1 0 |2 ddc |4 0 |6 617_735000000000000_FIN_2018 |7 0 |8 A |9 592149 |a BIBCUR |b BIBCUR |c GEN |d 2023-10-26 |e 1 |g 81320.00 |i 5659181 |l 6 |o 617.735 FIN 2018 |p 5659181 |r 2025-04-28 |s 2025-04-28 |t 1 |v 81320.00 |w 2023-10-26 |y BK |k TEM | ||